Punchlines d'Alkpote - Statistiques

Statistiques générales
  • Ce quiz a été pris 61 fois
  • Le résultat moyen est 6 sur 15
Statistiques - réponses
Hint Réponse % Correct
Avec ou sans ceintures de chasteté (pute), sale tain-pu, j'te laisse la chatte bleutée (pute) Plus haut
57%
Ma bite sent le romarin, j'sais pas c'que j'vais dire aux gamins Amour
51%
J'veux parcourir la diversité ; ton corps, c'est mon université Belles
49%
Alkpote et Francky te remplissent Eteins la lumière
49%
Anti-pédés comme Kadyrov Ninjas & Gargouilles
45%
Mes p'tits Pokémons fistent fort ces folles, pétasse Purification
43%
Je baise que des filles topless, comme Norman Thavaud Cyber criminels
40%
Chiennasse, j'passe par derrière, j'm'en fous d'l'odeur Chiens
38%
La chatte à Marjolaine et l'anus à Faudel (pu-pu-pu-pute) Trapézistes
34%
J'suis drogué comme Samy Naceri (Sam) Jamais
30%
Alk baise tout, même les grosses obèses comme Sarah Fraisou Le grand aigle
30%
J'encule les reptiliens et tous les pharaons Meilleur lendemain
28%
Viens bouffer mon épi d'maïs (suce), c'est à Evry que j'me revitalise (exact) Pyramides
23%
Va fumer du tilleul, du cerfeuil à deux balles (méga pute) Simple pute
23%
J'ai pas le budget d'Emmanuel Macron ; j'ai déjà fourré des laiderons, des lardons (salope, salope, salope) Tounsi Freestyle pt.2
21%
Aucun quiz correspondant
Distribution des résultats
% des personnes avec chaque résultat
Percentile par nombre de réponses
Votre historique - résultats
Vous n’avez pas pris ce quiz